The Tretyakov gallery

محفوظ في:
التفاصيل البيبلوغرافية
التنسيق: كتاب
اللغة:Undetermined
منشور في: Leningrad, USSR Aurora Art 1974
الموضوعات:
الوسوم: إضافة وسم
لا توجد وسوم, كن أول من يضع وسما على هذه التسجيلة!
Thư viện lưu trữ: Trung tâm Học liệu Trường Đại học Cần Thơ
LEADER 00398nam a2200157Ia 4500
001 CTU_26663
008 210402s9999 xx 000 0 und d
082 |a 759 
082 |b T799 
245 4 |a The Tretyakov gallery 
260 |a Leningrad, USSR 
260 |b Aurora Art 
260 |c 1974 
650 |a galleries 
904 |i Minh, 981016 
980 |a Trung tâm Học liệu Trường Đại học Cần Thơ